000
00266nam a2200097Ia 4500
001
1159033
005
20250827011313.0
008
250824s9999 xx 000 0 und d
245
0
_a
USTA BİR ŞİFACININ KADİM SIRLARI
_c
DR.CLINT G.ROGERS
260
_b
DESTEK YAYINLARI
999
_c
1159033
_d
1159033